[Event "Pardubice Czech op-D 29th"]
[Site "Pardubice"]
[Date "2018.07.26"]
[Round "7"]
[White "Salykin, Tymur"]
[Black "Baumann, Gerd"]
[Result "1-0"]
[WhiteElo "1678"]
[BlackElo "1525"]
[PlyCount "79"]
[EventDate "2018.07.21"]
[EventType "swiss"]
[EventRounds "9"]
[EventCountry "CZE"]
[SourceTitle "CBM 186 Extra"]
[Source "ChessBase"]
[SourceDate "2018.08.24"]
[SourceVersion "1"]
[SourceVersionDate "2018.08.24"]
[SourceQuality "1"]

1. Nf3 Nf6 2. e3 e6 3. b3 d5 4. Bb2 c5 5. Ne5 a6 6. d3 Nc6 7. Nxc6 bxc6 8. f4 Be7 9. Be2 Bb7 10. Nd2 a5 11. a4 0-0 12. 0-0 Re8 13. Nf3 h6 14. Qe1 Nd7 15. Qg3 Bf6 16. Ne5 Nxe5 17. fxe5 Be7 18. Bh5 Rf8 19. Rf3 Bh4 20. Qg4 Qg5 21. Qxg5 Bxg5 22. Ba3 Be7 23. d4 g6 24. Bg4 h5 25. Bh3 g5 26. g4 hxg4 27. Bxg4 Ba6 28. Bxc5 Bxc5 29. dxc5 Kg7 30. Rf6 Rh8 31. h3 Rh6 32. Rxh6 Kxh6 33. Rd1 Rf8 34. Rd2 f5 35. exf6 Rxf6 36. Be2 Bb7 37. Kg2 e5 38. Bg4 Kg7 39. Rf2 Kf7 40. c3 1-0

[Event "Pardubice Czech op-D 29th"]
[Site "Pardubice"]
[Date "2018.07.24"]
[Round "5"]
[White "Baumann, Gerd"]
[Black "Vrzal, Tomas"]
[Result "0-1"]
[WhiteElo "1525"]
[BlackElo "1679"]
[PlyCount "79"]
[EventDate "2018.07.21"]
[EventType "swiss"]
[EventRounds "9"]
[EventCountry "CZE"]
[SourceTitle "CBM 186 Extra"]
[Source "ChessBase"]
[SourceDate "2018.08.24"]
[SourceVersion "1"]
[SourceVersionDate "2018.08.24"]
[SourceQuality "1"]

1. d4 d5 2. Nf3 Bf5 3. Bf4 e6 4. e3 Nf6 5. Be2 Bd6 6. Bg3 h6 7. Nbd2 0-0 8. Ne5 c5 9. c3 c4 10. 0-0 Bxe5 11. Bxe5 Nc6 12. Bg3 Ne4 13. Nxe4 Bxe4 14. f3 Bg6 15. Re1 b5 16. Bf1 f5 17. f4 a5 18. Be2 Qe8 19. Bf2 Ne7 20. h3 Nc8 21. g4 fxg4 22. hxg4 Be4 23. Bf3 Nd6 24. Bg3 Bxf3 25. Qxf3 Ne4 26. Re2 Qg6 27. Rh2 Nf6 28. Rh4 Ne4 29. Rh2 b4 30. Be1 Rab8 31. Rc1 Rb6 32. Rcc2 b3 33. axb3 Rxb3 34. Qe2 a4 35. Rg2 Rfb8 36. Qf1 Qf7 37. Bg3 Nxg3 38. Rxg3 Rxb2 39. Rxb2 Rxb2 40. Qa1 0-1

[Event "Pardubice Czech op-D 29th"]
[Site "Pardubice"]
[Date "2018.07.23"]
[Round "4"]
[White "Starenkyi, Pavlo"]
[Black "Baumann, Gerd"]
[Result "1/2-1/2"]
[WhiteElo "1396"]
[BlackElo "1525"]
[PlyCount "160"]
[EventDate "2018.07.21"]
[EventType "swiss"]
[EventRounds "9"]
[EventCountry "CZE"]
[SourceTitle "CBM 186 Extra"]
[Source "ChessBase"]
[SourceDate "2018.08.24"]
[SourceVersion "1"]
[SourceVersionDate "2018.08.24"]
[SourceQuality "1"]

1. e4 c5 2. c3 Nc6 3. d4 e6 4. Nf3 b6 5. Bc4 Bb7 6. 0-0 d5 7. exd5 exd5 8. Bb3 Nf6 9. dxc5 bxc5 10. Re1+ Be7 11. Bg5 c4 12. Bxf6 gxf6 13. Bc2 Qd6 14. Nh4 Bc8 15. Nf5 Bxf5 16. Bxf5 Kd8 17. Qf3 Ne5 18. Qe2 h5 19. Nd2 Kc7 20. Rad1 Qc5 21. Nf3 Bd6 22. b3 cxb3 23. axb3 Rab8 24. c4 dxc4 25. bxc4 Rb3 26. Nd4 Rb6 27. Nb5+ Kb8 28. Nxd6 Rxd6 29. Rxd6 Qxd6 30. Rd1 Qc5 31. Rb1+ Kc7 32. h3 h4 33. Rb5 Qd6 34. Rd5 Qb6 35. Rb5 Qd6 36. Rd5 Qb6 37. c5 Qa5 38. f4 Nc6 39. Rd7+ Kb8 40. Qb2+ Nb4 41. Qxf6 Qxc5+ 42. Kh2 Rc8 43. Be4 Nc6 44. Qb2+ Qb6 45. Qxb6+ axb6 46. Rxf7 b5 47. Rf5 Nd4 48. Bd3 Nxf5 49. Bxf5 Rf8 50. Bd3 b4 51. g3 hxg3+ 52. Kxg3 b3 53. f5 Kc7 54. Kg4 Kd6 55. h4 Ke5 56. h5 Rg8+ 57. Kh4 Kd4 58. Bb1 Rg1 59. f6 Rxb1 60. h6 Ke5 61. f7 Rf1 62. h7 Rh1+ 63. Kg5 Rg1+ 64. Kh6 Rf1 65. Kg6 Rg1+ 66. Kh5 Rh1+ 67. Kg5 Rg1+ 68. Kh4 Rh1+ 69. Kg4 Rg1+ 70. Kh3 Rh1+ 71. Kg2 b2 72. f8Q b1Q 73. Qg7+ Kd5 74. Qf7+ Ke5 75. Qe8+ Kd5 76. Qa8+ Kc5 77. Qc8+ Kd5 78. Qg8+ Kc5 79. Qg5+ Kd4 80. Qf4+ Kd5 1/2-1/2